书目信息 |
| 题名: |
中国戏曲电影史
|
|
| 作者: | 高小健 著 | |
| 分册: | ||
| 出版信息: | 北京 文化艺术出版社 2005 |
|
| 页数: | 323页 | |
| 开本: | 23cm | |
| 丛书名: | 电影丛书 | |
| 单 册: | ||
| 中图分类: | J909.2 | |
| 科图分类: | ||
| 主题词: | 戏曲片--电影史--中国 | |
| 电子资源: | ||
| ISBN: | 7-5039-2633-3 | |
| 000 | 01095nam0 2200325 450 | |
| 000 | 01058nam0 2200313 450 | |
| 000 | 01056nam0 2200325 450 | |
| 000 | 01002nam0 2200301 450 | |
| 000 | 01076nam0 2200289 450 | |
| 000 | 01039nam0 2200277 45 | |
| 001 | TS2006046629 | |
| 005 | 20061226101101.95 | |
| 010 | @a7-5039-2633-3@dCNY32.00 | |
| 100 | @a20060829d2005 em y0chiy0110 ea | |
| 101 | 0 | @achi |
| 102 | @aCN@b110000 | |
| 105 | @aa z 000yy | |
| 200 | 1 | @a中国戏曲电影史@AZhong Guo Xi Qu Dian Ying Shi@f高小健著@FGao Xiao Jian Zhu |
| 210 | @a北京@c文化艺术出版社@d2005 | |
| 215 | @a323页@c剧照@d23cm | |
| 225 | 2 | @a电影丛书 |
| 330 | @a本书记述了中国戏曲电影的发展历程,对历史发展的每个阶段的时段性特征进行了分析,并且还论述了戏曲电影的艺术特征和美学观念。 | |
| 410 | 0 | @12001 @a电影丛书 |
| 606 | 0 | @a戏曲片@x电影史@y中国 |
| 690 | @aJ909.2@v4 | |
| 701 | 0 | @a高小健@AGao Xiao Jian@4著 |
| 801 | 0 | @aCN@b中图数据@c20061226 |
| 905 | @a10447@dJ909.2@e176 | |
| 中国戏曲电影史/高小健著.-北京:文化艺术出版社,2005 |
| 323页:剧照;23cm.-(电影丛书) |
| ISBN 7-5039-2633-3:CNY32.00 |
| 本书记述了中国戏曲电影的发展历程,对历史发展的每个阶段的时段性特征进行了分析,并且还论述了戏曲电影的艺术特征和美学观念。 |
| ● |
| 相关链接 |
|
|
|
|
正题名:中国戏曲电影史
索取号:J909.2/176
 
预约/预借
| 序号 | 登录号 | 条形码 | 馆藏地/架位号 | 状态 | 备注 |
| 1 | 0603132 | 206031328 | 第一样本阅览室/ [索取号:J909.2/176] | 在馆 | |
| 2 | 0603133 | 206031337 | 第一借阅区/ [索取号:J909.2/176] | 在馆 | |
| 3 | 0603134 | 206031346 | 第一借阅区/ [索取号:J909.2/176] | 在馆 | |
| 4 | 0603135 | 206031355 | 第一借阅区/ [索取号:J909.2/176] | 在馆 | |
| 5 | 0603136 | 206031364 | 第一借阅区/ [索取号:J909.2/176] | 在馆 |